Science Quiz

Random Science Quiz

Muscles of the human body Quiz Stats

 Plays Quiz not verified by Sporcle

Score 0/232 Timer 20:00
1 Play Today
Region Muscle % Correct
Scalp/Eyelidfrontalis
80.4%
Scalp/Eyelidoccipitalis
77.4%
Masticationtemporalis
76.4%
Masticationmasseter
76%
Scalp/Eyelidorbicularis oculi
74%
Extraocularorbicularis oculi
74%
Thoracic wallspectoralis major
72%
Shoulderdeltoid
72%
Arm (anterior compartment)biceps brachii
72%
Backlatissimus dorsi
71.3%
Vertebral columnlatissimus dorsi
71.3%
Mouthbuccinator
70.9%
Abdomenrectus abdominis
70.6%
glutealgluteus maximus
70.6%
Extraocularsuperior rectus
70.3%
Extraocularmedial rectus
70.3%
Thoracic wallspectoralis minor
70.3%
Extraocularinferior rectus
69.9%
Extraocularlateral rectus
69.9%
Mouthorbicularis oris
69.9%
Arm (posterior compartment)triceps brachii
69.9%
Vertebral columntrapezius
69.6%
Nosenasalis
69.3%
Abdomenexternal oblique
69.3%
Extraocularsuperior oblique
68.9%
Extraocularinferior oblique
68.9%
Abdomeninternal oblique
67.6%
infrahyoid/strapsternohyoid
66.9%
Arm (anterior compartment)brachialis
66.9%
Shouldersupraspinatus
66.6%
glutealgluteus minimus
66.6%
Shoulderteres major
65.9%
Shoulderinfraspinatus
65.9%
Shoulderteres minor
65.9%
thigh (anterior compartment)vastus lateralis
65.9%
leg (superficial posterior compartment)soleus
65.5%
Intraocularciliary
65.2%
Thoracic wallsserratus anterior
65.2%
Forearm (superficial anterior compartment)pronator teres
64.9%
glutealgluteus medius
64.9%
Intraoculariris dilator
64.5%
Tounge (intrinsic)transversus
64.5%
Shouldersubscapularis
64.5%
thigh (anterior compartment)vastus medialis
64.5%
Intraoculariris sphincter
64.2%
thigh (posterior compartment)biceps femoris
63.2%
leg (anterior compartment)tibialis anterior
63.2%
thigh (anterior compartment)rectus femoris
62.8%
Arm (anterior compartment)coracobrachialis
62.5%
Masticationlateral pterygoid
62.2%
Masticationmedial pterygoid
62.2%
Vertebral columnrhomboid major
62.2%
Vertebral columnrhomboid minor
61.8%
thigh (anterior compartment)sartorius
61.5%
cervicalsternocleidomastoid
61.1%
Chestdiaphragm
60.8%
thigh (anterior compartment)vastus intermedius
60.8%
thigh (medial compartment)adductor magnus
60.8%
infrahyoid/strapthyrohyoid
60.5%
Forearm (superficial anterior compartment)flexor carpi radialis
60.5%
Forearm (superficial posterior compartment)brachioradialis
60.5%
Abdomentransversus abdominis
60.1%
thigh (medial compartment)adductor longus
60.1%
leg (deep posterior compartment)tibialis posterior
60.1%
vertebrate (lateral)levator scapulae
59.8%
Chestexternal intercostals
59.8%
Chestinternal intercostals
59.8%
Vertebral columnlevator scapulae
59.8%
Forearm (superficial anterior compartment)flexor carpi ulnaris
59.8%
iliac regionpsoas major
59.8%
leg (superficial posterior compartment)gastrocnemius
59.8%
Mouthmajor zygomatic
59.5%
Mouthminor zygomatic
59.5%
Tounge (extrinsic)styloglossus
59.1%
thigh (medial compartment)adductor brevis
59.1%
suprahyoidstylohyoid
58.8%
Forearm (superficial anterior compartment)palmaris longus
58.4%
iliac regionpsoas minor
58.4%
Region Muscle % Correct
thigh (posterior compartment)semitendinosus
58.4%
Chestserratus posterior inferior
58.1%
Chestserratus posterior superior
58.1%
Arm (posterior compartment)anconeus
58.1%
thigh (posterior compartment)semimembranosus
58.1%
vertebrate (lateral)anterior scalene
57.8%
leg (lateral compartment)fibularis longus
57.8%
Nosedilator naris
57.4%
suprahyoidmylohyoid
57.4%
vertebrate (lateral)posterior scalene
57.4%
leg (lateral compartment)fibularis brevis
57.4%
Tounge (extrinsic)genioglossus
57.1%
Tounge (extrinsic)hyoglossus
56.8%
infrahyoid/strapsternothyroid
56.8%
glutealquadratus femoris
56.8%
Chestinnermost intercostals
56.4%
Tounge (intrinsic)superior longitudinal
55.7%
infrahyoid/strapomohyoid
55.7%
Tounge (intrinsic)inferior longitudinal
55.4%
Perineuminternal anal sphincter
55.4%
Abdomenpyramidalis
55.1%
Pharynxsuperior pharyngeal
54.7%
vertebrate (lateral)medial scalene
54.7%
Perineumexternal anal sphincter
54.7%
Forearm (superficial posterior compartment)extensor carpi radialis brevis
54.7%
Pharynxinferior pharyngeal
54.4%
Backspinalis
54.4%
Tounge (intrinsic)verticalis
54.1%
suprahyoidgeniohyoid
54.1%
Thoracic wallssubclavius
54.1%
Forearm (deep anterior compartment)pronator quadratus
54.1%
Forearm (superficial posterior compartment)extensor carpi ulnaris
54.1%
Pharynxmiddle pharyngeal
53.7%
Backlongissimus
53.7%
Tounge (extrinsic)palatoglossus
53%
Soft palatepalatoglossus
53%
glutealobturator externus
53%
glutealobturator internus
53%
Perineumurethral sphincter
52.7%
glutealpiriformis
52.7%
Forearm (superficial posterior compartment)extensor digiti minimi
52%
Forearm (deep posterior compartment)supinator
51.7%
Forearm (superficial posterior compartment)extensor digitorium
51.4%
Backrotatores
51%
Extraocularsuperior tarsal
50.7%
Eartemporoparietalis
50.7%
Tounge (extrinsic)chondroglossus
50.3%
Scalp/Eyelidcorrugator supercilii
50%
Backiliocostalis
50%
Pelviscoccygeus
50%
Forearm (deep anterior compartment)flexor digitorium profundus
50%
Forearm (superficial posterior compartment)extensor carpi radialis longus
50%
Earstapedius
49.7%
Chestsubcostales
49.7%
Pelvisiliococcygeus
49.7%
Pelvispubococcygeus
49.7%
Forearm (superficial anterior compartment)flexor digitorium superficialis
49.7%
Forearm (deep anterior compartment)flexor pollicis longus
49.7%
Mouthlevator labii superioris
49.3%
Mouthmentalis
49.3%
Pelvispuborectalis
49.3%
Forearm (deep posterior compartment)extensor pollicis longus
49%
Hand (lateral volar)flexor pollicis brevis
49%
Scalp/Eyeliddepressor supercilii
48.6%
Mouthdepressor labii inferioris
48.6%
glutealinferior gemellus
48.6%
glutealsuperior gemellus
48.6%
Forearm (deep posterior compartment)extensor pollicis brevis
48.3%
Mouthrisorius
48%
vertebrate (posterior)semispinalis capitis
47.6%
Backsemispinalis capitis
47.6%
Forearm (deep posterior compartment)abductor pollicis longus
47.6%
Eartensor tympani
47.3%
Mouthdepressor anguli oris
47.3%
Hand (lateral volar)abductor pollicis brevis
47.3%
Hand (lateral volar)adductor pollicis
47.3%
Mouthlevator anguli oris
47%
Backsemispinalis cervicis
46.6%
Region Muscle % Correct
Perineumbulbospongiosus
46.6%
vertebrate (posterior)splenius capitis
46.3%
Backsplenius capitis
46.3%
Noseprocerus
45.9%
iliac regioniliacus
45.9%
thigh (medial compartment)gracilis
45.9%
Backsemispinalis dorsi
45.3%
Hand (medial volar)palmaris brevis
45.3%
leg (superficial posterior compartment)plantaris
45.3%
Earauriculares
44.9%
Larynxcricothyroid
44.9%
Extraocularlevator palpebrae superioris
44.6%
Backsplenius cervicis
44.3%
Hand (lateral volar)opponens pollicis
43.9%
leg (anterior compartment)extensor hallucis longus
43.9%
leg (deep posterior compartment)popliteus
43.9%
cervicalplatysma
43.6%
suprahyoiddigastric
43.6%
Hand (medial volar)abductor digiti minimi
43.6%
Hand (medial volar)flexor digiti minimi brevis
43.6%
foot (plantar 1st layer)abductor digiti minimi
43.6%
foot (plantar 3rd layer)flexor hallucis brevis
43.6%
foot (plantar 3rd layer)flexor digiti minimi brevis
43.6%
Hand (intermediate)dorsal interossei
43.2%
foot (dorsal)extensor hallucis brevis
43.2%
foot (plantar 4th layer)dorsal interossei
43.2%
Nosedepressor septi nasi
42.9%
Perineumischiocavernosus
42.9%
leg (deep posterior compartment)flexor digitorium longus
42.9%
Perineumtransversus perinei superficialis
42.6%
leg (deep posterior compartment)flexor hallucis longus
42.6%
Perineumtransversus perinei profundus
42.2%
Hand (intermediate)lumbrical
42.2%
foot (plantar 1st layer)flexor digitorium brevis
42.2%
foot (plantar 2nd layer)lumbrical
42.2%
Soft palatelevator veli palatini
41.9%
Forearm (deep posterior compartment)extensor indicis
41.9%
Soft palatetensor veli palatini
41.6%
foot (plantar 3rd layer)adductor hallucis
41.6%
vertebrate (posterior)rectus capitis posterior minor
41.2%
vertebrate (posterior)rectus capitis posterior major
41.2%
foot (plantar 1st layer)abductor hallucis
41.2%
vertebrate (anterior)rectus capitis anterior
40.5%
Hand (intermediate)palmar interossei
40.5%
Abdomenquadratus lumborum
40.2%
thigh (medial compartment)pectineus
40.2%
leg (anterior compartment)extensor digitorium longus
40.2%
foot (dorsal)extensor digitorium brevis
40.2%
Noselevator labii superioris alaeque nasi
39.9%
Soft palatepalatopharyngeus
39.5%
Pharynxstylopharyngeus
39.5%
Abdomencremaster
39.5%
glutealtensor fasciae latae
39.5%
foot (plantar 4th layer)plantar interossei
39.5%
Larynxarytenoid
39.2%
Larynxposterior cricoarytenoid
38.9%
vertebrate (anterior)longus capitis
38.9%
vertebrate (anterior)rectus capitis lateralis
38.9%
vertebrate (lateral)rectus capitis lateralis
38.9%
Soft palatemusculus uvulae
38.2%
Larynxlateral cricoarytenoid
38.2%
Hand (medial volar)opponens digiti minimi
38.2%
vertebrate (anterior)longus colli
37.8%
vertebrate (posterior)longissimus capitis
37.8%
vertebrate (lateral)obliquus capitis superior
37.5%
vertebrate (lateral)obliquus capitis inferior
37.5%
leg (anterior compartment)fibularis tertius
37.5%
Larynxthyroarytenoid
37.2%
foot (plantar 2nd layer)quadratus plantae
37.2%
Pharynxsalpingopharyngeus
36.8%
Backmultifidus
35.8%
Backinterspinales
35.8%
thigh (anterior compartment)articularis genus
34.1%
Backintertransversarii
33.1%
Chesttransversus thoracis
32.8%
Chestlevatores costarum
31.4%

You're not logged in!

Compare scores with friends on all Sporcle quizzes.
OR
Log In

Sporcle TV

Today on Sporcle TV


Watch our educational content, quiz creation guides, and fun videos on Sporcle TV.

Show Comments

Extras

Created Dec 16, 2014SourceReportNominate
Tags:Body, Human, muscle, region

Top Quizzes Today


Score Distribution

Your Account Isn't Verified!

In order to create a playlist on Sporcle, you need to verify the email address you used during registration. Go to your Sporcle Settings to finish the process.

Report this User

Report this user for behavior that violates our Community Guidelines.

Details: